| 000 | 00652nam a2200217 i 4500 | ||
|---|---|---|---|
| 001 | bgj | ||
| 100 | 1 |
_aCLARK, Barbara _d(1931- ) |
|
| 245 | 1 | 0 |
_aGrowing up gifted : _bdeveloping the potential of children at home and at school / _cBarbara Clark. |
| 250 | _a3rd ed. | ||
| 260 |
_aNew York [etc.] : _bMerril, _cc. 1988. |
||
| 300 |
_aXIII, 674 pp : _bill. ; _c25 cm. |
||
| 504 | _aBibliography p. 603-655. | ||
| 505 | _aIncludes indexes. | ||
| 650 | 9 |
_aGifted children _xEducation _zUnited States |
|
| 020 | _a0675208327 | ||
| 040 | _cBPK | ||
| 041 | 0 | _aeng | |
| 920 | _a0-675-20832-7 | ||
| 942 | _cKS | ||
| 008 | s uk f |000 0 eng | ||
| 999 |
_c47639 _d47639 |
||
| 856 |
_uhttp://koha.tu.koszalin.pl/cgi-bin/koha/opac-detail.pl?biblionumber=47639 _yKatalog online BPK |
||